LIBRARY ONLINE CATALOGUE

The Wireless World (Record no. 18483)

MARC details
000 -LEADER
fixed length control field 00353nam a22001217a 4500
008 - FIXED-LENGTH DATA ELEMENTS--GENERAL INFORMATION
fixed length control field 200914b xxu||||| |||| 00| 0 eng d
050 ## - LIBRARY OF CONGRESS CALL NUMBER
Classification number TK5700
Item number .W57 1914-1915 c.1
245 ## - TITLE STATEMENT
Title The Wireless World
Remainder of title with which it is incorporated "the marconigraph"
260 ## - PUBLICATION, DISTRIBUTION, ETC. (IMPRINT)
Place of publication, distribution, etc. Westbourne
300 ## - PHYSICAL DESCRIPTION
Extent xii, 744p.
650 ## - SUBJECT ADDED ENTRY--TOPICAL TERM
Topical term or geographic name as entry element Radio
Form subdivision periodicals
942 ## - ADDED ENTRY ELEMENTS (KOHA)
Source of classification or shelving scheme Library of Congress Classification
Koha item type General Collection
Holdings
Withdrawn status Lost status Source of classification or shelving scheme Not for loan Home library Current library Date acquired Total Checkouts Full call number Barcode Date last seen Price effective from Koha item type
    Library of Congress Classification   Kabarak, Main Campus Kabarak, Main Campus 14/09/2020   TK5700 .W57 1914-1915 c.1 15859 14/09/2020 14/09/2020 General Collection